| 000 | 01588nam a22003977a 4500 | ||
|---|---|---|---|
| 001 | 8685 | ||
| 003 | BD-DhEWU | ||
| 005 | 20181111135642.0 | ||
| 008 | 181111s1989 ph a|||g |||| 10| 0 eng d | ||
| 035 | _aOCoLC(710768212) | ||
| 040 |
_aBD-DhEWU _beng _cBD-DhEWU _dBD-DhEWU |
||
| 041 | _aeng | ||
| 082 | 0 | 4 |
_a630.709599 _bRES 1989 |
| 245 |
_aResearch management in agriculture and natural resources in the Philippines / _cedited by Maruja V. Lorica, Andre L. Acedera, Norma V. Llemit and Lorna C. Malicsi. |
||
| 260 |
_aPhilippines : _bPhilippine Council for Agriculture, _c1989. |
||
| 300 |
_ax, 370 p. : _bill. ; _c21 cm. |
||
| 490 |
_aBook series, _v82. |
||
| 500 | _aConference publication | ||
| 520 | _aSelected issues in research management; Planning for research and development in agriculture and natural resources; Building and managing the National Research System in Agriculture and Natural Resources; | ||
| 526 |
_aSR _aSociology |
||
| 590 | _aSaifun Momota | ||
| 650 |
_aAgriculture _zPhilippines. _923325 |
||
| 653 | _aResearch management. | ||
| 700 | 1 |
_aLorica, Mruja B. _923326 |
|
| 700 | 1 |
_aAcedera, Andre L. _923327 |
|
| 700 | 1 |
_aLlemit, Norma V. _923328 |
|
| 700 | 1 |
_aMalicsi, Lorna C. _923329 |
|
| 856 | 4 | 2 |
_3WorldCat details _uhttp://www.worldcat.org/title/research-management-in-agriculture-and-natural-resources-in-the-philippines-proceedings/oclc/710768212&referer=brief_results |
| 942 |
_2ddc _cREF |
||
| 999 |
_c8685 _d8685 |
||
| 999 |
_c8685 _d8685 |
||
| 999 |
_c8685 _d8685 |
||
| 999 |
_c8685 _d8685 |
||
| 999 |
_c8685 _d8685 |
||
| 999 |
_c8685 _d8685 |
||
| 999 |
_c8685 _d8685 |
||